Degradation behaviour of natural rubber-aluminium powder composites: Effect of heat, ozone and high energy radiation (Record no. 50954)

MARC details
000 -LEADER
fixed length control field 00541nam a2200181Ia 4500
100 ## - MAIN ENTRY--AUTHOR NAME
Personal name Vinod V.S.
245 #0 - TITLE STATEMENT
Title Degradation behaviour of natural rubber-aluminium powder composites: Effect of heat, ozone and high energy radiation
260 ## - PUBLICATION, DISTRIBUTION, ETC. (IMPRINT)
Name of publisher Polymer Degradation and Stability
Year of publication 2002
300 ## - PHYSICAL DESCRIPTION
Number of Pages 405-412
650 ## - SUBJECT ADDED ENTRY--TOPICAL TERM
Topical Term Additive
650 ## - SUBJECT ADDED ENTRY--TOPICAL TERM
Topical Term Aluminium powder
650 ## - SUBJECT ADDED ENTRY--TOPICAL TERM
Topical Term Degradation
650 ## - SUBJECT ADDED ENTRY--TOPICAL TERM
Topical Term Natural rubber
700 ## - ADDED ENTRY--PERSONAL NAME
Personal name Kuriakose B.
700 ## - ADDED ENTRY--PERSONAL NAME
Personal name Varghese S.
942 ## - ADDED ENTRY ELEMENTS (KOHA)
Koha item type Bibliography STAF
Holdings
Withdrawn status Lost status Damaged status Not for loan Home library Current library Shelving location Date acquired Serial Enumeration / chronology Koha item type
      Bibliography RRII Library RRII Library Rubber chemistry 09/04/2014 Volume 75, Issue 3 Bibliography STAF